Vista normal
Vista MARC
Entrada Personal Name
Número de registros utilizados en: 1
001 - CONTROL NUMBER
- control field: 15102
003 - CONTROL NUMBER IDENTIFIER
- control field: DLC
005 - DATE AND TIME OF LATEST TRANSACTION
- control field: 20231107154403.0
008 - FIXED-LENGTH DATA ELEMENTS
- fixed length control field: 801218n| azannaabn |a aaa
010 ## - LIBRARY OF CONGRESS CONTROL NUMBER
- LC control number: n 80138379
035 ## - SYSTEM CONTROL NUMBER
- System control number: (OCoLC)oca00518629
040 ## - CATALOGING SOURCE
- Original cataloging agency: DLC
- Language of cataloging: spa
- Description conventions: rda
- Transcribing agency: Mx-PuUPA
- Modifying agency: DLC
- Modifying agency: NcU
- Modifying agency: Mx-PuUPA
046 ## - SPECIAL CODED DATES
- Birth date: 19350826
- Death date: 20160314
- Source of date scheme: edtf
100 1# - HEADING--PERSONAL NAME
- Personal name: Elizondo, Virgilio P.,
- Dates associated with a name: 1935-2016
370 ## - ASSOCIATED PLACE
- Associated country: Estados Unidos
- Source of term: naf
373 ## - ASSOCIATED GROUP
- Associated group: Universidad de Notre Dame
- Source of term: naf
374 ## - OCCUPATION
- Occupation: Autor
375 ## - GENDER
- Gender: hombre
377 ## - ASSOCIATED LANGUAGE
- Language code: eng
400 1# - SEE FROM TRACING--PERSONAL NAME
- Personal name: Elizondo, Virgil
- Dates associated with a name: 1935-2016
400 1# - SEE FROM TRACING--PERSONAL NAME
- Personal name: Elizondo, Virgilio
- Dates associated with a name: 1935-2016
670 ## - SOURCE DATA FOUND
- Source citation: His Christianity and culture, c1975.
670 ## - SOURCE DATA FOUND
- Source citation: His Mestizaje, 1978:
- Information found: t.p. (Virgilio Elizondo)
670 ## - SOURCE DATA FOUND
- Source citation: His The future is mestizo, c1988:
- Information found: CIP t.p. (Virgil Elizondo) data sheet (b. 8/26/35)
670 ## - SOURCE DATA FOUND
- Source citation: The chronicle of higher education, March 25, 2016:
- Information found: page A32 (Father Virgilio Elizondo; died March 14, 2016, San Antonio; founding president of the Mexican American Catholic College and former professor of pastoral and Hispanic theology at the University of Notre Dame)